000 00283nam a2200121Ia 4500
008 241002s9999 xx 000 0 und d
082 _a954.9104 SYM
100 _aSymonds, Richard
245 4 _aThe Making of Pakistan
260 _aKarachi:
_c1966
600 _aHistory
942 _cUC
999 _c18375
_d18375